Советский Союз: географическое описание: в 22 т.
| Diğer Yazarlar: | |
|---|---|
| Dil: | Rusça |
| Baskı/Yayın Bilgisi: |
Москва, Мысль, 1967-1972
|
| Materyal Türü: | Kitap |
| KOHA link: | https://koha.lib.tpu.ru/cgi-bin/koha/opac-detail.pl?biblionumber=16114 |
MARC
| LEADER | 00000nam1a2200000 4500 | ||
|---|---|---|---|
| 001 | 16114 | ||
| 005 | 20231030190427.0 | ||
| 035 | |a (RuTPU)RU\TPU\book\16236 | ||
| 035 | |a BOOK00000924 | ||
| 090 | |a 16114 | ||
| 100 | |a 20011209d1967 k y0rusy50 ca | ||
| 101 | 0 | |a rus | |
| 102 | |a RU | ||
| 200 | 1 | |a Советский Союз: географическое описание |e в 22 т. |f пред. ред. коллегии С. В. Калесник | |
| 210 | |a Москва |c Мысль |d 1967-1972 | ||
| 702 | 1 | |a Калесник |b С. В. |g Станислав Викентьевич |4 340 | |
| 801 | 0 | |a RU |b 63413507 |c 20011209 |g PSBO | |
| 801 | 2 | |a RU |b 63413507 |c 20110908 |g PSBO | |
| 942 | |c BK | ||